Aminé Songs - Statistics

General Stats
  • This quiz has been taken 11 times
    9 since last reset
  • The average score is 30 of 65
Answer Stats
Hint Answer % Correct
Good For You Caroline
100%
Limbo Becky
86%
TWOPOINTFIVE Charmander
86%
KAYTRAMINÉ letstalkaboutit
86%
Limbo My Reality
86%
Limbo Pressure In My Palms
86%
KAYTRAMINÉ Rebuke
86%
KAYTRAMINÉ Sossaup
86%
Good For You Spice Girl
86%
Limbo Burden
71%
TWOPOINTFIVE Colors
71%
Limbo Compensating
71%
Limbo Fetus
71%
Limbo Kobe
71%
ONEPOINTFIVE REEL IT IN
71%
Limbo Riri
71%
Good For You Veggies
71%
Good For You Yellow
71%
KAYTRAMINÉ 4EVA
57%
ONEPOINTFIVE DR. WHOEVER
57%
TWOPOINTFIVE Mad Funny Freestyle
57%
TWOPOINTFIVE meant2b
57%
Limbo Roots
57%
Limbo Shimmy
57%
Good For You Wedding Crashers
57%
TWOPOINTFIVE YiPiYaY
57%
ONEPOINTFIVE CHINGY
43%
KAYTRAMINÉ EYE
43%
KAYTRAMINÉ K&A
43%
Limbo Mama
43%
TWOPOINTFIVE NEO
43%
ONEPOINTFIVE SHINE
43%
TWOPOINTFIVE Twisted!
43%
Limbo Woodlawn
43%
ONEPOINTFIVE BLACKJACK
29%
Good For You Blinds
29%
Limbo Can't Decide
29%
ONEPOINTFIVE CANTU
29%
Good For You Dakota
29%
TWOPOINTFIVE Dididumduhduh
29%
Limbo Easy
29%
Good For You Heebiejeebies
29%
Good For You Hero
29%
ONEPOINTFIVE HICCUP
29%
KAYTRAMINÉ Master P
29%
TWOPOINTFIVE OKWME
29%
ONEPOINTFIVE RATCHET SATURN GIRL
29%
TWOPOINTFIVE Sh!t2Luz
29%
Good For You STFU
29%
ONEPOINTFIVE STFU2
29%
KAYTRAMINÉ STFU3
29%
Good For You Turf
29%
TWOPOINTFIVE Van Gogh
29%
KAYTRAMINÉ Westside
29%
ONEPOINTFIVE WHY?
29%
Good For You Beach Boy
14%
TWOPOINTFIVE Between The Lines
14%
ONEPOINTFIVE DAPPERDAN
14%
Good For You Money
14%
Good For You Slide
14%
ONEPOINTFIVE SUGARPARENTS
14%
Good For You Sundays
14%
ONEPOINTFIVE TOGETHER
14%
KAYTRAMINÉ UGH UGH
14%
KAYTRAMINÉ Who He Iz
14%
No matching quizzes found
Score Distribution
Percent of People with Each Score
Percentile by Number Answered
Your Score History
You have not taken this quiz since the last reset